The ancient history of the Near East from the earliest times to the battle of Salamis / (Record no. 24318)
[ view plain ]
| 000 -LEADER | |
|---|---|
| fixed length control field | 00858nam a2200253 a 4500 |
| 001 - CONTROL NUMBER | |
| control field | 24318 |
| 003 - CONTROL NUMBER IDENTIFIER | |
| rucl marc code | BD-RjUL |
| 005 - DATE AND TIME OF LATEST TRANSACTION | |
| control field | 20211209001033.0 |
| 008 - FIXED-LENGTH DATA ELEMENTS--GENERAL INFORMATION | |
| fixed length control field | 140313r19631950enk b 001 0 eng d |
| 035 ## - SYSTEM CONTROL NUMBER | |
| System control number | (BD-RjUL)24384 |
| 040 ## - CATALOGING SOURCE | |
| Original cataloging agency | ALT |
| Transcribing agency | ALT |
| Modifying agency | OCL |
| -- | BD-RjUL |
| Language of cataloging | eng |
| 041 ## - LANGUAGE CODE | |
| Language code of text/sound track or separate title | eng |
| 082 04 - DEWEY DECIMAL CLASSIFICATION NUMBER | |
| Classification number | 935 |
| Author mark and year | HAA 1963 |
| 100 1# - MAIN ENTRY--PERSONAL NAME | |
| Personal name | Hall, H. R. |
| Fuller form of name | (Harry Reginald), |
| Dates associated with a name | 1873-1930. |
| 9 (RLIN) | 74880 |
| 245 14 - TITLE STATEMENT | |
| Title | The ancient history of the Near East from the earliest times to the battle of Salamis / |
| Statement of responsibility, etc. | H. R. Hall |
| 250 ## - EDITION STATEMENT | |
| Edition statement | 11th ed. |
| 260 ## - PUBLICATION, DISTRIBUTION, ETC. (IMPRINT) | |
| Place of publication, distribution, etc. | London : |
| Name of publisher, distributor, etc. | Methuen, |
| Date of publication, distribution, etc. | 1950 [reprinted 1963]. |
| 300 ## - PHYSICAL DESCRIPTION | |
| Pagination | xxxiv, 620 p, 17 leaves of plates : |
| Illustrations | plan (fold.), maps ; |
| Size | 22 cm. |
| 500 ## - GENERAL NOTE | |
| General note | "Addenda", p. 589-605 |
| 504 ## - BIBLIOGRAPHY, ETC. NOTE | |
| Bibliography, etc | includes Bibliographical reference and index. |
| 650 #0 - SUBJECT ADDED ENTRY--TOPICAL TERM | |
| Topical term or geographic name as entry element | Civilization, Ancient |
| 9 (RLIN) | 34340 |
| Topical term or geographic name as entry element | History, Ancient |
| 9 (RLIN) | 74881 |
| 942 ## - ADDED ENTRY ELEMENTS (KOHA) | |
| Source of classification or shelving scheme | Dewey Decimal Classification |
| Koha item type | Books |
| Lost status | Source of classification or shelving scheme | Damaged status | Not for loan | Collection code | Permanent Location | Current Location | Shelving location | Date acquired | Source of acquisition | Cost, normal purchase price | Total Checkouts | Full call number | Date last seen | Copy number | Koha item type |
|---|---|---|---|---|---|---|---|---|---|---|---|---|---|---|---|
| Dewey Decimal Classification | Non-fiction | Central Library, University of Rajshahi | Central Library, University of Rajshahi | 27/11/1968 | Zeitlinger | 50.00 | 935 HAA 1963 | 13/03/2014 | C-2 | Books | |||||
| Dewey Decimal Classification | Added to bundle | Non-fiction | Central Library, University of Rajshahi | Central Library, University of Rajshahi | Reading Room | 23/02/1957 | Feromous | 28.70 | 935 HAA 1963 | 13/03/2014 | C-1 | Books |